| 000 | 00662nam a22002057a 4500 | ||
|---|---|---|---|
| 999 |
_c7540 _d7540 |
||
| 003 | AR-CdUCM | ||
| 008 | 190320b ||||| |||| 00| 0 spa d | ||
| 040 |
_aMUNICIPALIDAD PROVINCIAL DEL CUSCO _cBIBLIOTECA MUNICIPAL DEL CUSCO |
||
| 082 |
_a630.2 / _bL57 |
||
| 100 |
_aLeón Garré, Aniceto _921282 |
||
| 245 | _aManual de agricultura / | ||
| 260 |
_aBarcelona : _bSalvat Editores, _c1951. |
||
| 300 |
_a2118 paginas ; _bIlustraciones, _c22 cm. |
||
| 440 |
_aColección Agrícola Salvat _919352 |
||
| 505 | _aContenido :Fitotecnía e industrias fitogenas / | ||
| 650 |
_aAgricultura _9320 |
||
| 650 |
_aManuales, _95970 |
||
| 942 |
_2ddc _cLIBROS |
||
| 945 | _arjall | ||